ZAKÁZANÉ SLOVÁ

Bibliographic Details
Main Author: Zajac, Peter, 1946- (Author)
Format: Article
Language:Slovak

MARC

LEADER 00000nab a2200000uu 4500
001 vtls011431671
003 SK-MaSNL
005 20260303164450.0
008 230313|2003 xo |||||||||||||||||slo|
015 |a SNBRB 
035 |a (urnnbn)urn:nbn:sk:snk:ar-000hk7 
035 |a (uuid)b7a8e71a-7c69-46b2-906d-e24c7c3e0de5 
035 |a urn:nbn:sk:snk-abc85a 
040 |a SNKBUCL  |b slo  |c SNKBUCL  |e AACR2 
041 0 |a slo 
044 |a xo  |c SK 
100 1 |a Zajac, Peter,  |d 1946-  |4 aut  |9 103277 
245 1 0 |a ZAKÁZANÉ SLOVÁ  |c Peter Zajac 
773 0 |t Romboid  |g Roč. 38, č. 2 (2003), s. 92 
958 |a OND 
958 |a EUIPO 
958 |a article16 
999 |c 2065496  |d 2067426